<?xml version="1.0" encoding="UTF-8"?>
<collection xmlns="http://www.loc.gov/MARC21/slim">
 <record>
  <leader>01110nam a2200217Ia 4500</leader>
  <controlfield tag="001">TDMU_28472</controlfield>
  <controlfield tag="008">210410s9999    xx            000 0 und d</controlfield>
  <datafield tag="082" ind1=" " ind2=" ">
   <subfield code="a">394.120959754</subfield>
  </datafield>
  <datafield tag="090" ind1=" " ind2=" ">
   <subfield code="b">Đ108</subfield>
  </datafield>
  <datafield tag="100" ind1=" " ind2=" ">
   <subfield code="a">Đào, Huy Phụng</subfield>
  </datafield>
  <datafield tag="245" ind1=" " ind2="0">
   <subfield code="a">Tuyển tập truyền thuyết Thanh Hóa</subfield>
  </datafield>
  <datafield tag="245" ind1=" " ind2="0">
   <subfield code="c">Đào Huy Phụng, Lưu Đức Hạnh, Cao Sơn Hải (s.t, .chọn)</subfield>
  </datafield>
  <datafield tag="260" ind1=" " ind2=" ">
   <subfield code="a">H.</subfield>
  </datafield>
  <datafield tag="260" ind1=" " ind2=" ">
   <subfield code="b">Hội nhà văn</subfield>
  </datafield>
  <datafield tag="260" ind1=" " ind2=" ">
   <subfield code="c">2016</subfield>
  </datafield>
  <datafield tag="300" ind1=" " ind2=" ">
   <subfield code="a">271 tr.</subfield>
  </datafield>
  <datafield tag="520" ind1=" " ind2=" ">
   <subfield code="a">TM tài liệu tham khảo tr. 259 - 61; Khái quát về truyền thuyết Thanh Hóa (bà Triệu, Lê Hoàn, Hồ Quý Ly và thành nhà Hồ, Trần Khát Chân, Lê Lợi, thái hậu Ngô Thị Ngọc Dao, Lê Đình Kiên,...)</subfield>
  </datafield>
  <datafield tag="650" ind1=" " ind2=" ">
   <subfield code="a">Văn học dân gian</subfield>
   <subfield code="x">Truyền thuyết</subfield>
   <subfield code="z">Thanh Hóa (Việt Nam); Truyền thuyết</subfield>
   <subfield code="z">Thanh Hóa (Việt Nam)</subfield>
  </datafield>
  <datafield tag="700" ind1=" " ind2=" ">
   <subfield code="a">Hội Văn nghệ dân gian Việt Nam</subfield>
  </datafield>
  <datafield tag="856" ind1=" " ind2=" ">
   <subfield code="u">http://lrc.tdmu.edu.vn/opac/search/detail.asp?aID=2&amp;ID=28472</subfield>
  </datafield>
  <datafield tag="980" ind1=" " ind2=" ">
   <subfield code="a">Trung tâm Học liệu Trường Đại học Thủ Dầu Một</subfield>
  </datafield>
 </record>
</collection>
